Fortnite - Season 1 Named Locations - Statistics

General Stats
  • This quiz has been taken 142 times
  • The average score is 10 of 13
Answer Stats
Picture Answer % Correct
Loot Lake
97%
Pleasant Park
93%
Retail Row
88%
Tomato Town
86%
Salty Springs
85%
Dusty Depot
82%
Wailing Woods
78%
Greasy Grove
75%
Flush Factory
74%
Anarchy Acres
73%
Lonely Lodge
71%
Fatal Fields
69%
Moisty Mire
68%
No matching quizzes found
Score Distribution
Percent of People with Each Score
Percentile by Number Answered
Your Score History
You have not taken this quiz